[Event "Scarborough CC ch"]
[Site "Toronto CAN"]
[Date "2012.05.03"]
[Round "7"]
[White "Picana, Andrew"]
[Black "Armstrong, Robert J"]
[Result "1-0"]
[WhiteElo "2044"]
[BlackElo "1683"]
[PlyCount "66"]
[GameId "2160767909510061"]
[EventDate "2012.03.22"]
[EventType "tourn"]
[EventRounds "9"]
[EventCountry "CAN"]
[SourceTitle "EXT 2022"]
[Source "ChessBase"]
[SourceDate "2021.10.06"]
[SourceVersion "1"]
[SourceVersionDate "2021.10.06"]
[SourceQuality "1"]

1. e4 g6 2. Nf3 Bg7 3. Bc4 c5 4. c3 Qb6 5. O-O Nc6 6. a3 d6 7. h3 Na5 8. Ba2 c4 9. d3 Nb3 10. Bxb3 cxb3 11. d4 a5 12. Be3 a4 13. Nbd2 Qc7 14. Re1 e5 15. Rc1 f5 16. exf5 Bxf5 17. dxe5 dxe5 18. Bd4 O-O-O 19. Nxe5 Nf6 20. Qe2 Rhe8 21. Qc4 Re7 22. Qxa4 Rde8 23. Ndc4 Nd5 24. Qa8+ Qb8 25. Nd6+ Kc7 26. Qa5+ Kxd6 27. Nc4+ Kc6 28. Qc5+ Kd7 29. Qxd5+ Kc8 30. Rxe7 Rxe7 31. Qg8+ Kd7 32. Qxb8 Bxd4 33. cxd4 Bc2 1-0

[Event "Scarborough CC ch"]
[Site "Toronto CAN"]
[Date "2012.06.28"]
[Round "7"]
[White "Posaratnanathan, Juliaan"]
[Black "Lin, Tony (Juntao)"]
[Result "0-1"]
[WhiteElo "1944"]
[BlackElo "2042"]
[PlyCount "58"]
[GameId "2160767909510062"]
[EventDate "2012.03.22"]
[EventType "tourn"]
[EventRounds "9"]
[EventCountry "CAN"]

1. e4 e6 2. d4 d5 3. Nd2 h6 4. Bd3 c5 5. c3 Nc6 6. exd5 Qxd5 7. Be4 Qd8 8. Ndf3 Nf6 9. Bxc6+ bxc6 10. Ne2 Be7 11. O-O O-O 12. Bf4 Ba6 13. Re1 Qb6 14. Qc2 Rfd8 15. dxc5 Bxc5 16. Ned4 Rac8 17. Nb3 Bd3 18. Qd2 Ne4 19. Rxe4 Bxe4 20. Qe2 Bd3 21. Qe1 Bf8 22. Ne5 Bh7 23. Qe2 c5 24. c4 f6 25. Nf3 Bd3 26. Qe3 Bxc4 27. Nc1 e5 28. Bg3 Bf7 29. Qc3 c4 0-1

[Event "Scarborough CC ch"]
[Site "Toronto CAN"]
[Date "2012.05.10"]
[Round "8"]
[White "Armstrong, Robert J"]
[Black "Paterson, Jim"]
[Result "1-0"]
[WhiteElo "1683"]
[BlackElo "1822"]
[PlyCount "105"]
[GameId "2160767909510063"]
[EventDate "2012.03.22"]
[EventType "tourn"]
[EventRounds "9"]
[EventCountry "CAN"]
[SourceTitle "EXT 2022"]
[Source "ChessBase"]
[SourceDate "2021.10.06"]
[SourceVersion "1"]
[SourceVersionDate "2021.10.06"]
[SourceQuality "1"]

1. g3 e5 2. Bg2 Nc6 3. c4 Bc5 4. e3 d6 5. Qb3 a6 6. Nc3 Nf6 7. Nge2 O-O 8. d3 Bb4 9. Bd2 Bxc3 10. Bxc3 Qe7 11. O-O Nd8 12. Rae1 Bf5 13. e4 Bg4 14. h3 Bxe2 15. Rxe2 Nd7 16. f4 f6 17. f5 Nc5 18. Qd1 b5 19. b4 Na4 20. Ba1 c5 21. a3 Nc6 22. Qb3 Nd4 23. Bxd4 cxd4 24. cxb5+ Kh8 25. Qxa4 axb5 26. Qb3 Ra7 27. Rc2 g5 28. Rfc1 Rf7 29. Bf3 Kg7 30. Rc8 Kh6 31. Bd1 Rg7 32. Qa2 Rf7 33. Bb3 Rf8 34. Bd5 Rxc8 35. Rxc8 Rc7 36. Rxc7 Qxc7 37. Qd2 Kg7 38. Bb3 Kf8 39. Qc2 Qxc2 40. Bxc2 Ke7 41. a4 bxa4 42. Bxa4 Kd8 43. Bc6 Kc7 44. b5 Kb6 45. Kf2 Kc5 46. Ke2 Kb6 47. Kd2 Kc5 48. Kc2 Kb6 49. Kb3 d5 50. exd5 Kc5 51. d6 Kxd6 52. Kc4 h6 53. g4 1-0

[Event "Scarborough CC ch"]
[Site "Toronto CAN"]
[Date "2012.05.10"]
[Round "8"]
[White "Manalo, Pepin"]
[Black "Posaratnanathan, Juliaan"]
[Result "1-0"]
[WhiteElo "1857"]
[BlackElo "1944"]
[PlyCount "95"]
[GameId "2160767909510064"]
[EventDate "2012.03.22"]
[EventType "tourn"]
[EventRounds "9"]
[EventCountry "CAN"]
[SourceTitle "EXT 2022"]
[Source "ChessBase"]
[SourceDate "2021.10.06"]
[SourceVersion "1"]
[SourceVersionDate "2021.10.06"]
[SourceQuality "1"]

1. d4 Nf6 2. Nc3 d5 3. Nf3 Bf5 4. e3 e6 5. Bd3 Bg6 6. Ne5 Nbd7 7. Nxg6 hxg6 8. Qe2 c6 9. Bd2 Bd6 10. f4 Qc7 11. O-O-O O-O-O 12. g3 Rh3 13. Rhg1 Bb4 14. Rg2 Nb6 15. Kb1 Kb8 16. a3 Bxc3 17. Bxc3 Na4 18. Be1 Rdh8 19. b3 Nb6 20. Ba5 Qe7 21. Bb4 Qc7 22. Kb2 Nbd7 23. Bc3 Qb6 24. Rd2 Ka8 25. a4 c5 26. a5 Qc7 27. dxc5 Nxc5 28. Bb4 Nce4 29. Rd1 Rc8 30. Ra1 Nd6 31. a6 b6 32. Qf3 Nfe4 33. c4 Nc5 34. Bf1 Rch8 35. cxd5 exd5 36. Qe2 Nce4 37. Rc1 Qd7 38. Qc2 Kb8 39. Bb5 Qc8 40. Qd3 Qe6 41. Rc6 Qf5 42. Qc2 Rc8 43. Qc1 Rxc6 44. Qxc6 Qc8 45. Bxd6+ Nxd6 46. Qxd6+ Qc7 47. Qf8+ Qc8 48. Qxf7 1-0

[Event "Scarborough CC ch"]
[Site "Toronto CAN"]
[Date "2012.05.17"]
[Round "8"]
[White "Manalo, Pepin"]
[Black "Lin, Tony (Juntao)"]
[Result "0-1"]
[WhiteElo "1857"]
[BlackElo "2042"]
[PlyCount "90"]
[GameId "2160767909510065"]
[EventDate "2012.03.22"]
[EventType "tourn"]
[EventRounds "9"]
[EventCountry "CAN"]

1. d4 e6 2. Nf3 f5 3. g3 Nf6 4. Bg2 Be7 5. c4 O-O 6. Nc3 d6 7. Qc2 c6 8. O-O d5 9. c5 b6 10. cxb6 axb6 11. Bf4 Bd6 12. Bxd6 Qxd6 13. Na4 Nfd7 14. b3 Na6 15. Rfc1 c5 16. e3 Bb7 17. Qe2 Rfc8 18. Nb2 Nb4 19. a3 Nc6 20. a4 Ba6 21. Qd1 Na5 22. Nd3 c4 23. bxc4 Bxc4 24. Rcb1 Nf6 25. Nf4 Ne4 26. Rb2 Ba6 27. Ne5 Nc4 28. Nxc4 Bxc4 29. Qe1 Ra6 30. f3 Nf6 31. Rab1 Rca8 32. Qd2 Nd7 33. Nd3 Bxd3 34. Qxd3 Rxa4 35. Rc1 Ra1 36. Rbc2 Kf7 37. g4 Qa3 38. Qxa3 R8xa3 39. Kf2 Rxc1 40. Rxc1 Rb3 41. gxf5 exf5 42. f4 Nf6 43. Rc7+ Kg6 44. h3 Rb2+ 45. Kf3 Ne4 0-1

[Event "Scarborough CC ch"]
[Site "Toronto CAN"]
[Date "2012.06.07"]
[Round "9"]
[White "Bellissimo, Joseph"]
[Black "Armstrong, Robert J"]
[Result "1-0"]
[WhiteElo "1916"]
[BlackElo "1641"]
[PlyCount "63"]
[GameId "2160767909510066"]
[EventDate "2012.03.22"]
[EventType "tourn"]
[EventRounds "9"]
[EventCountry "CAN"]
[SourceTitle "EXT 2022"]
[Source "ChessBase"]
[SourceDate "2021.10.06"]
[SourceVersion "1"]
[SourceVersionDate "2021.10.06"]
[SourceQuality "1"]

1. e4 g6 2. d4 Bg7 3. Nc3 c5 4. Nf3 Nc6 5. Be3 cxd4 6. Nxd4 Qa5 7. Qd2 d6 8. O-O-O Be6 9. Kb1 Rc8 10. a3 Ne5 11. Nxe6 fxe6 12. Bd4 Nf6 13. Bb5+ Kf7 14. Qe2 a6 15. Bxe5 axb5 16. Bxf6 Bxf6 17. Nxb5 Rc5 18. Nd4 Qb6 19. Nb3 Rb5 20. f4 Ra8 21. Rd3 Ra4 22. Rf1 Kg7 23. g4 Kg8 24. g5 Bg7 25. f5 Qa7 26. f6 exf6 27. gxf6 Bf8 28. f7+ Kh8 29. Qf3 Qa8 30. Rxd6 Bg7 31. f8=Q+ Bxf8 32. Qf6+ 1-0

[Event "Scarborough CC ch Reserves"]
[Site "Toronto CAN"]
[Date "2012.03.22"]
[Round "1"]
[White "Aghamalian, Derick"]
[Black "Zotkin, Daniel"]
[Result "1-0"]
[WhiteElo "1614"]
[BlackElo "1747"]
[PlyCount "61"]
[GameId "2160767909510067"]
[EventDate "2012.03.22"]
[EventType "swiss"]
[EventRounds "9"]
[EventCountry "CAN"]
[SourceTitle "EXT 2022"]
[Source "ChessBase"]
[SourceDate "2021.10.06"]
[SourceVersion "1"]
[SourceVersionDate "2021.10.06"]
[SourceQuality "1"]

1. e4 c5 2. Nf3 Nc6 3. d4 cxd4 4. Nxd4 g6 5. Nc3 Bg7 6. Be3 Nf6 7. Be2 O-O 8. O-O d5 9. exd5 Nb4 10. d6 Qxd6 11. a3 Nbd5 12. Ncb5 Qb6 13. Nf5 Nxe3 14. Nxe3 Bd7 15. a4 Bxb5 16. axb5 Ne4 17. c3 Nxf2 18. Kxf2 Rad8 19. Qb3 Bh6 20. c4 Rd6 21. Rfc1 Qd4 22. Rc3 Rf6+ 23. Bf3 Qd2+ 24. Kg1 Re6 25. Nf1 Qd4+ 26. Kh1 Qh4 27. Bd5 Re2 28. Rh3 Qf4 29. Rf3 Qg4 30. Ng3 Bg7 31. Nxe2 1-0

[Event "Scarborough CC ch Reserves"]
[Site "Toronto CAN"]
[Date "2012.03.22"]
[Round "1"]
[White "Aghamalian, Leonid"]
[Black "Kurkowski, Ken"]
[Result "1-0"]
[WhiteElo "1415"]
[BlackElo "1556"]
[PlyCount "61"]
[GameId "2160767909510068"]
[EventDate "2012.03.22"]
[EventType "swiss"]
[EventRounds "9"]
[EventCountry "CAN"]
[SourceTitle "EXT 2022"]
[Source "ChessBase"]
[SourceDate "2021.10.06"]
[SourceVersion "1"]
[SourceVersionDate "2021.10.06"]
[SourceQuality "1"]

1. e4 e5 2. Nf3 Nc6 3. Bc4 Bc5 4. c3 Nf6 5. d4 exd4 6. cxd4 Bb4+ 7. Bd2 Bxd2+ 8. Nbxd2 d6 9. O-O O-O 10. d5 Ne5 11. Nxe5 dxe5 12. Rc1 Re8 13. Qb3 Qd6 14. Rfd1 Bd7 15. Be2 Qb6 16. Qc3 Rac8 17. Bf3 c6 18. d6 Re6 19. Nc4 Qc5 20. b4 Qb5 21. a4 Qa6 22. Nxe5 Rce8 23. Nxd7 Nxd7 24. Bg4 Nf6 25. Bxe6 fxe6 26. e5 Nd5 27. Rxd5 exd5 28. d7 Rd8 29. e6 Qe2 30. Re1 Qh5 31. e7 1-0

[Event "Scarborough CC ch Reserves"]
[Site "Toronto CAN"]
[Date "2012.03.22"]
[Round "1"]
[White "Azmitia, Gabriel"]
[Black "Dattani, Dinesh"]
[Result "0-1"]
[WhiteElo "1521"]
[BlackElo "1359"]
[PlyCount "54"]
[GameId "2160767909510069"]
[EventDate "2012.03.22"]
[EventType "swiss"]
[EventRounds "9"]
[EventCountry "CAN"]
[SourceTitle "EXT 2022"]
[Source "ChessBase"]
[SourceDate "2021.10.06"]
[SourceVersion "1"]
[SourceVersionDate "2021.10.06"]
[SourceQuality "1"]

1. Nf3 Nf6 2. d4 d5 3. e3 e6 4. Bd3 c6 5. O-O Bd6 6. Nbd2 O-O 7. b3 Nbd7 8. Bb2 Qc7 9. c4 b6 10. Rc1 c5 11. g3 Bb7 12. Bb1 Rfe8 13. dxc5 bxc5 14. cxd5 exd5 15. Nd4 Qb6 16. Nf5 Bf8 17. Re1 g6 18. Nh4 Qe6 19. Ng2 Rad8 20. Nf4 Qc6 21. Bd4 Qd6 22. Ba1 d4 23. Nc4 Qc6 24. e4 Nxe4 25. Na5 Nxf2 26. Nxc6 Nxd1 27. Nxd8 Rxe1# 0-1

[Event "Scarborough CC ch Reserves"]
[Site "Toronto CAN"]
[Date "2012.03.22"]
[Round "1"]
[White "Fan, Yibing"]
[Black "Mahendran, Sujeev"]
[Result "1-0"]
[WhiteElo "1745"]
[BlackElo "1609"]
[PlyCount "94"]
[GameId "2160767909510070"]
[EventDate "2012.03.22"]
[EventType "swiss"]
[EventRounds "9"]
[EventCountry "CAN"]
[SourceTitle "EXT 2022"]
[Source "ChessBase"]
[SourceDate "2021.10.06"]
[SourceVersion "1"]
[SourceVersionDate "2021.10.06"]
[SourceQuality "1"]

1. d4 d6 2. c4 b6 3. Nc3 c5 4. d5 g6 5. e4 Bg7 6. Bd2 Nf6 7. Bd3 Nbd7 8. f4 Nf8 9. h3 e6 10. Nf3 exd5 11. cxd5 a6 12. a4 N8d7 13. O-O O-O 14. Qe2 Nh5 15. Kh2 Bxc3 16. bxc3 Ndf6 17. c4 Qe7 18. e5 dxe5 19. fxe5 Nd7 20. g4 Ng7 21. Rae1 f5 22. Bg5 Qe8 23. e6 Nb8 24. e7 Rf7 25. Ne5 Rxe7 26. Bxe7 Qxe7 27. Qf3 Qd6 28. Qf4 Qf6 29. g5 Qd6 30. Kg1 Nh5 31. Qh4 Ra7 32. Bc2 Re7 33. Nd3 Nd7 34. Rxe7 Qxe7 35. Re1 Qf7 36. Bd1 Ng7 37. Qf4 Ne8 38. Ne5 Qg7 39. Nxd7 Bxd7 40. Qe5 Qxe5 41. Rxe5 Kf7 42. h4 Nd6 43. Be2 Ne4 44. Bd3 Nc3 45. Bc2 a5 46. d6 Be6 47. Bb3 Nb1 1-0

[Event "Scarborough CC ch Reserves"]
[Site "Toronto CAN"]
[Date "2012.03.22"]
[Round "1"]
[White "Graham, John"]
[Black "Termeer, Ted"]
[Result "0-1"]
[WhiteElo "1450"]
[BlackElo "1343"]
[PlyCount "84"]
[GameId "2160767909510071"]
[EventDate "2012.03.22"]
[EventType "swiss"]
[EventRounds "9"]
[EventCountry "CAN"]
[SourceTitle "EXT 2022"]
[Source "ChessBase"]
[SourceDate "2021.10.06"]
[SourceVersion "1"]
[SourceVersionDate "2021.10.06"]
[SourceQuality "1"]

1. d4 Nf6 2. Nc3 d5 3. Nf3 Nc6 4. h3 e6 5. Bf4 Bd6 6. Bxd6 Qxd6 7. e3 a6 8. a3 Bd7 9. Bd3 O-O 10. O-O Rfe8 11. Ne2 e5 12. dxe5 Nxe5 13. Nxe5 Qxe5 14. c3 c6 15. Ng3 Rad8 16. Qc2 g6 17. Rad1 Qc7 18. Rfe1 Re7 19. c4 Rde8 20. cxd5 Nxd5 21. Be2 Nxe3 22. fxe3 Qxg3 23. Bf3 Bxh3 24. Qf2 Qxf2+ 25. Kxf2 Bc8 26. Rd4 f5 27. Bd1 Be6 28. Bc2 Bd5 29. Rf4 Rd8 30. Rd1 Rde8 31. Re1 Be4 32. Bb3+ Kh8 33. g4 Rd8 34. gxf5 gxf5 35. Rg1 Rd2+ 36. Ke1 Rg2 37. Rff1 Rxg1 38. Rxg1 Rg7 39. Rf1 h5 40. Kd2 h4 41. Kc3 h3 42. Rd1 h2 0-1

[Event "Scarborough CC ch Reserves"]
[Site "Toronto CAN"]
[Date "2012.03.22"]
[Round "1"]
[White "Guo, Tan"]
[Black "Huston, Scott"]
[Result "0-1"]
[WhiteElo "1636"]
[BlackElo "1756"]
[PlyCount "70"]
[GameId "2160767909510072"]
[EventDate "2012.03.22"]
[EventType "swiss"]
[EventRounds "9"]
[EventCountry "CAN"]
[SourceTitle "EXT 2022"]
[Source "ChessBase"]
[SourceDate "2021.10.06"]
[SourceVersion "1"]
[SourceVersionDate "2021.10.06"]
[SourceQuality "1"]

1. e4 c5 2. Nf3 d6 3. d4 cxd4 4. Nxd4 Nf6 5. Nc3 a6 6. Be2 e5 7. Nf3 Be7 8. O-O O-O 9. h3 b5 10. a3 Bb7 11. Bd3 Nbd7 12. Re1 Nc5 13. Bd2 Nxd3 14. cxd3 Nd7 15. d4 f5 16. a4 fxe4 17. Nxe4 d5 18. Neg5 Qb6 19. dxe5 h6 20. a5 Qg6 21. Nh4 Qd3 22. Ngf3 g5 23. Re3 Qh7 24. e6 Nc5 25. Rc1 gxh4 26. b4 Ne4 27. Rc7 Nxd2 28. Qxd2 Bxb4 29. Qc1 Rac8 30. Rxc8 Rxc8 31. Qb2 Bd6 32. Nxh4 d4 33. Re1 Qg7 34. g3 Rf8 35. Qb1 Bxg3 0-1

[Event "Scarborough CC ch Reserves"]
[Site "Toronto CAN"]
[Date "2012.03.22"]
[Round "1"]
[White "Karpik, Steve"]
[Black "Verde, Pino"]
[Result "0-1"]
[WhiteElo "1447"]
[BlackElo "1568"]
[PlyCount "138"]
[GameId "2160767909510073"]
[EventDate "2012.03.22"]
[EventType "swiss"]
[EventRounds "9"]
[EventCountry "CAN"]
[SourceTitle "EXT 2022"]
[Source "ChessBase"]
[SourceDate "2021.10.06"]
[SourceVersion "1"]
[SourceVersionDate "2021.10.06"]
[SourceQuality "1"]

1. Nf3 d6 2. g3 Nf6 3. Bg2 c6 4. Nc3 e5 5. d3 Bg4 6. O-O Qc8 7. Bg5 Be7 8. Qc1 Bh3 9. e4 h6 10. Bd2 Bxg2 11. Kxg2 g5 12. a3 Qg4 13. Qd1 Nh5 14. Ng1 Nf4+ 15. Bxf4 Qxd1 16. Raxd1 gxf4 17. Nf3 Rg8 18. Ne2 Nd7 19. Kh1 O-O-O 20. Rg1 Nf6 21. h3 fxg3 22. Nxg3 Nh7 23. Nf5 Bg5 24. Nxg5 Rxg5 25. Nxh6 Rh5 26. Nf5 Ng5 27. h4 Nf3 28. Rg4 Rdh8 29. Rg8+ Rxg8 30. Ne7+ Kc7 31. Nxg8 Rxh4+ 32. Kg2 Nd4 33. Nf6 Nxc2 34. Rc1 Nd4 35. Nd5+ Kd8 36. Ne3 Ne2 37. Rd1 Nf4+ 38. Kf3 Rh3+ 39. Kg4 Rh7 40. Nf5 Kc7 41. d4 f6 42. dxe5 dxe5 43. Nd6 Rg7+ 44. Kf3 Re7 45. Nf5 Rd7 46. Ne3 b5 47. Rxd7+ Kxd7 48. b4 Nd3 49. Ke2 Nc1+ 50. Kd2 Nb3+ 51. Kc3 Nd4 52. Kd3 Ke6 53. f4 a6 54. f5+ Kf7 55. Ng4 Kg7 56. Kc3 Ne2+ 57. Kd2 Ng3 58. Kd3 Nh5 59. Ke3 Kf7 60. Kd3 Ke7 61. Kd2 Kd6 62. Ne3 c5 63. bxc5+ Kxc5 64. Nd5 a5 65. Kc3 Kd6 66. Kd3 Nf4+ 67. Nxf4 exf4 68. Kd4 f3 69. Ke3 Ke5 0-1

[Event "Scarborough CC ch Reserves"]
[Site "Toronto CAN"]
[Date "2012.03.22"]
[Round "1"]
[White "Lin, Benjamin1"]
[Black "Smith, Maurice"]
[Result "1/2-1/2"]
[WhiteElo "1310"]
[BlackElo "1468"]
[PlyCount "63"]
[GameId "2160767909510074"]
[EventDate "2012.03.22"]
[EventType "swiss"]
[EventRounds "9"]
[EventCountry "CAN"]
[SourceTitle "EXT 2022"]
[Source "ChessBase"]
[SourceDate "2021.10.06"]
[SourceVersion "1"]
[SourceVersionDate "2021.10.06"]
[SourceQuality "1"]

1. c4 Nf6 2. d4 c5 3. d5 d6 4. Nc3 g6 5. e4 Bg7 6. Nf3 Nbd7 7. Qc2 O-O 8. Be2 Ng4 9. h3 Nge5 10. Nxe5 Nxe5 11. f4 Nd7 12. O-O a6 13. Be3 Qc7 14. a4 b6 15. Qd2 Bb7 16. f5 Rae8 17. fxg6 hxg6 18. Bh6 Ne5 19. Bxg7 Kxg7 20. Rf4 Bc8 21. Raf1 Rh8 22. Qe3 Rh7 23. Rd1 Reh8 24. Bf1 Bd7 25. b3 Qb7 26. Qg3 Rh6 27. Qg5 f6 28. Qg3 Rh5 29. h4 Qc8 30. Be2 R5h6 31. Rdf1 Qe8 32. Kf2 1/2-1/2

[Event "Scarborough CC ch Reserves"]
[Site "Toronto CAN"]
[Date "2012.03.22"]
[Round "1"]
[White "Mesiti, Silvano"]
[Black "Zhao, Yanchun"]
[Result "1/2-1/2"]
[WhiteElo "1550"]
[BlackElo "1409"]
[PlyCount "71"]
[GameId "2160767909510075"]
[EventDate "2012.03.22"]
[EventType "swiss"]
[EventRounds "9"]
[EventCountry "CAN"]
[SourceTitle "EXT 2022"]
[Source "ChessBase"]
[SourceDate "2021.10.06"]
[SourceVersion "1"]
[SourceVersionDate "2021.10.06"]
[SourceQuality "1"]

1. e4 c5 2. Nf3 Nc6 3. Nc3 Nf6 4. d4 cxd4 5. Nxd4 e5 6. Nf3 d6 7. Bb5 Bd7 8. Bg5 a6 9. Bc4 Bg4 10. h3 Bh5 11. g4 Bg6 12. Nh4 Be7 13. Nxg6 hxg6 14. Bxf6 Bxf6 15. Qd5 O-O 16. O-O-O Nd4 17. Ne2 b5 18. Bd3 Qb6 19. Nxd4 exd4 20. h4 Qc5 21. Qb3 b4 22. g5 Be5 23. Bc4 a5 24. Bd5 a4 25. Qc4 Rac8 26. Qxc5 dxc5 27. b3 axb3 28. cxb3 Rfd8 29. Kb1 Rd6 30. Rc1 Ra6 31. Rh3 Kf8 32. Rc2 Rc7 33. Rd3 Ra5 34. Rf3 Rd7 35. Bc4 Re7 36. Bd5 1/2-1/2

[Event "Scarborough CC ch Reserves"]
[Site "Toronto CAN"]
[Date "2012.03.22"]
[Round "1"]
[White "Morra, Lui"]
[Black "Egorov, Mikhail"]
[Result "0-1"]
[WhiteElo "1719"]
[BlackElo "2081"]
[PlyCount "52"]
[GameId "2160767909510076"]
[EventDate "2012.03.22"]
[EventType "swiss"]
[EventRounds "9"]
[EventCountry "CAN"]
[SourceTitle "EXT 2022"]
[Source "ChessBase"]
[SourceDate "2021.10.06"]
[SourceVersion "1"]
[SourceVersionDate "2021.10.06"]
[SourceQuality "1"]

1. b3 Nf6 2. Bb2 g6 3. Nf3 Bg7 4. g3 O-O 5. Bg2 c5 6. c4 Nc6 7. O-O Re8 8. d4 cxd4 9. Nxd4 Qb6 10. Nc2 Qa5 11. a3 Qh5 12. Nc3 d6 13. Re1 Bh3 14. Bf3 Bg4 15. Bh1 Ne5 16. Nd5 Nxd5 17. Bxd5 Bd7 18. Ne3 Ng4 19. Nxg4 Bxb2 20. Ne3 Bxa1 21. Qxa1 Bc6 22. Qd4 Qe5 23. Qd2 Bxd5 24. Nxd5 Rac8 25. Qa5 e6 26. Nc7 Qxa5 0-1

[Event "Scarborough CC ch Reserves"]
[Site "Toronto CAN"]
[Date "2012.03.22"]
[Round "1"]
[White "Rutherdale, William"]
[Black "Triefeldt, Jack"]
[Result "1/2-1/2"]
[WhiteElo "1658"]
[BlackElo "1806"]
[PlyCount "101"]
[GameId "2160767909510077"]
[EventDate "2012.03.22"]
[EventType "swiss"]
[EventRounds "9"]
[EventCountry "CAN"]
[SourceTitle "EXT 2022"]
[Source "ChessBase"]
[SourceDate "2021.10.06"]
[SourceVersion "1"]
[SourceVersionDate "2021.10.06"]
[SourceQuality "1"]

1. d4 Nf6 2. c4 g6 3. Nc3 Bg7 4. Nf3 O-O 5. g3 d6 6. Bg2 Bf5 7. O-O Qc8 8. Re1 Ne4 9. Nd5 Nc6 10. e3 e6 11. Nf4 e5 12. Nd5 Nf6 13. Nxf6+ Bxf6 14. d5 Ne7 15. e4 Bg4 16. Bh6 Bg7 17. Qc1 f5 18. Bxg7 Kxg7 19. Ng5 fxe4 20. Nxe4 h6 21. Qc3 Kh7 22. Rac1 b6 23. Qd3 Bh3 24. Bh1 Qf5 25. Qe3 Bg4 26. Rc3 Qf7 27. Nd2 Rae8 28. Be4 Nf5 29. Bxf5 Bxf5 30. f3 a5 31. Ne4 Kg7 32. a3 Bxe4 33. Qxe4 Qf5 34. Kg2 Qxe4 35. Rxe4 g5 36. h4 Kg6 37. hxg5 hxg5 38. Re1 Rh8 39. Rcc1 Re7 40. Rh1 Reh7 41. Rxh7 Rxh7 42. Re1 Rf7 43. Re4 a4 44. g4 Rf8 45. Kf2 Rh8 46. Re2 Kf6 47. Ke3 Rh1 48. Kd3 Rd1+ 49. Rd2 Rf1 50. Ke3 Rc1 51. Kd3 1/2-1/2

[Event "Scarborough CC ch Reserves"]
[Site "Toronto CAN"]
[Date "2012.03.22"]
[Round "1"]
[White "Sharpe, Michael"]
[Black "Maister, Martin"]
[Result "0-1"]
[WhiteElo "1602"]
[BlackElo "1729"]
[PlyCount "70"]
[GameId "2160767909510078"]
[EventDate "2012.03.22"]
[EventType "swiss"]
[EventRounds "9"]
[EventCountry "CAN"]
[SourceTitle "EXT 2022"]
[Source "ChessBase"]
[SourceDate "2021.10.06"]
[SourceVersion "1"]
[SourceVersionDate "2021.10.06"]
[SourceQuality "1"]

1. e4 c5 2. Nf3 d6 3. d4 cxd4 4. Nxd4 Nf6 5. Nc3 a6 6. Be2 e6 7. Be3 Be7 8. O-O O-O 9. a4 Nc6 10. Nb3 Qc7 11. Kh1 Rd8 12. a5 Nd7 13. Na4 Rb8 14. Nb6 Nc5 15. Bd3 Nb4 16. Qd2 Nbxd3 17. cxd3 Nxb3 18. Rfc1 Qxc1+ 19. Rxc1 Nxd2 20. Bxd2 Bf6 21. Bc3 Bxc3 22. Rxc3 e5 23. Rc7 f5 24. h3 fxe4 25. dxe4 Rf8 26. f3 Bxh3 27. gxh3 Rxf3 28. Kg2 Rb3 29. Nc4 Rf8 30. Nxd6 Rxb2+ 31. Kg1 Rd8 32. Rc8 Rxc8 33. Nxc8 Kf7 34. Nd6+ Kf6 35. Nc4 Ra2 0-1

[Event "Scarborough CC ch Reserves"]
[Site "Toronto CAN"]
[Date "2012.03.22"]
[Round "1"]
[White "Shebetah, Wajdy"]
[Black "Yie, Kevin"]
[Result "1-0"]
[WhiteElo "2074"]
[BlackElo "1678"]
[PlyCount "135"]
[GameId "2160767909510079"]
[EventDate "2012.03.22"]
[EventType "swiss"]
[EventRounds "9"]
[EventCountry "CAN"]

1. e4 e5 2. Nf3 Nc6 3. Bc4 Nf6 4. Ng5 d5 5. exd5 Na5 6. Bb5+ c6 7. dxc6 bxc6 8. Be2 h6 9. Nf3 e4 10. Ne5 Bc5 11. O-O O-O 12. c3 Bd6 13. f4 exf3 14. Nxf3 Qc7 15. d4 Re8 16. b4 Nb7 17. Na3 a5 18. b5 Bd7 19. c4 Ne4 20. Qc2 cxb5 21. c5 Bf8 22. Nxb5 Bxb5 23. Bxb5 Re7 24. Bd3 Nf6 25. Bd2 Rd8 26. Rae1 Rxe1 27. Rxe1 Rc8 28. Bf5 Rd8 29. Be4 Nxe4 30. Qxe4 Rd7 31. Bf4 Qd8 32. c6 Nd6 33. Qd5 Re7 34. Rc1 Re6 35. c7 Qc8 36. Qxa5 Nb7 37. Qa7 Re8 38. Qb8 Ba3 39. Re1 Rf8 40. Qxc8 Rxc8 41. Rb1 Bd6 42. Bxd6 Nxd6 43. Rb8 Kf8 44. Ne5 Ke7 45. Rxc8 Nxc8 46. Kf2 f6 47. Nd3 Kd7 48. Nf4 Ne7 49. Kf3 Nc8 50. Ke4 Ne7 51. Nh5 Kxc7 52. Nxg7 Kd7 53. Nf5 Ng8 54. g4 Ke6 55. d5+ Kd7 56. a4 Kc7 57. d6+ Kb7 58. Kd5 Kc8 59. Kc6 h5 60. gxh5 Kd8 61. a5 Nh6 62. Nxh6 f5 63. a6 Ke8 64. d7+ Kf8 65. d8=Q+ Kg7 66. Qg5+ Kh7 67. Nxf5 Kh8 68. Qg7# 1-0

[Event "Scarborough CC ch Reserves"]
[Site "Toronto CAN"]
[Date "2012.03.22"]
[Round "1"]
[White "Super, Russell"]
[Black "Thanabalachandran, Kajan"]
[Result "1-0"]
[WhiteElo "1397"]
[BlackElo "1548"]
[PlyCount "51"]
[GameId "2160767909510080"]
[EventDate "2012.03.22"]
[EventType "swiss"]
[EventRounds "9"]
[EventCountry "CAN"]
[SourceTitle "EXT 2022"]
[Source "ChessBase"]
[SourceDate "2021.10.06"]
[SourceVersion "1"]
[SourceVersionDate "2021.10.06"]
[SourceQuality "1"]

1. e4 c5 2. Nf3 Nc6 3. d4 cxd4 4. Nxd4 Nf6 5. Nc3 d6 6. Be2 e6 7. O-O Be7 8. Be3 O-O 9. Qd2 a6 10. a4 Qc7 11. f4 Rd8 12. Bf3 Bd7 13. Nb3 Na5 14. Nxa5 Qxa5 15. Qf2 Qb4 16. Bd4 Rdc8 17. e5 dxe5 18. fxe5 Ne8 19. Ne4 Qc4 20. c3 Qc7 21. Bh5 Bc6 22. Qxf7+ Kh8 23. Qxe6 Bxe4 24. Rf7 Qc6 25. Qxe7 Rc7 26. Qf8# 1-0

[Event "Scarborough CC ch Reserves"]
[Site "Toronto CAN"]
[Date "2012.03.22"]
[Round "1"]
[White "Vyravanathan, Sobiga"]
[Black "Pishdad, Hassan"]
[Result "0-1"]
[WhiteElo "1535"]
[BlackElo "1338"]
[PlyCount "51"]
[GameId "2160767909510081"]
[EventDate "2012.03.22"]
[EventType "swiss"]
[EventRounds "9"]
[EventCountry "CAN"]
[SourceTitle "EXT 2022"]
[Source "ChessBase"]
[SourceDate "2021.10.06"]
[SourceVersion "1"]
[SourceVersionDate "2021.10.06"]
[SourceQuality "1"]

1. e4 c5 2. Nf3 d6 3. d4 cxd4 4. Nxd4 Nc6 5. Nc3 a6 6. Be2 Nf6 7. O-O e5 8. Nf3 Be7 9. Be3 O-O 10. a3 Be6 11. Ng5 Bd7 12. Nf3 Bg4 13. Nd2 Bxe2 14. Qxe2 b5 15. Rfd1 Qc7 16. h3 Na5 17. Bg5 Qd8 18. Nf3 h6 19. Bh4 Qc7 20. Nd2 Rfd8 21. Rac1 Nc6 22. Bxf6 Bxf6 23. Nd5 Nd4 24. Qg4 Qd7 25. Nxf6+ Kh8 26. Nxd7 0-1